000 00348nam a2200145Ia 4500
008 191201s2010 xx 000 0 und d
082 _a658.18
_bPRB
100 _aPRABAKARAN,S
245 0 _aBusiness Ethics and Corporate Governance
250 _a1st
260 _aN. Delhi
_bExcel Books
_c2010
300 _a277
650 _aBBA
942 _2ddc
_cBK
999 _c4750
_d4750